000 00879cab a2200229 4500
001 WB3023-50
008 090401t1994 xxu||||| |||| 00| 0 eng d
035 _a(Sirsi) u71519
041 _aeng
245 _aSpot checks on clients money
260 _c1994
350 _a0
490 _aCSM (Chartered Surveyor Monthly)
_v3(9) June 1994, 7(1)
520 _aThe RICS carries out 100 spot check visits to members each year to check compliance with the Members Accounts Regulations on clients money. These are required by the underwriters of its Clients` Money Protection Scheme. Includes an analysis of the 1993 results.
650 _aCLIENTS MONEY PROTECTION SCHEME
650 _aCLIENTS MONEY
650 _aRICS MEMBERS' ACCOUNTS RULES
650 _aSPOT CHECKS
690 _aMANAGEMENT-BUSINESS MANAGEMENT-PROFESSIONAL PRACTICE
942 _n0
948 _c04/03/1997
999 _c45099
_d45099